Mercado del tabaco y lucha contra el tabaquismo perspectivas jurd̕icas confluyentes en la produccin̤, distribucin̤ y consumo de tabaco /

Detalles Bibliográficos
Autor principal: Rodrg̕uez Lp̤ez, Pedro
Formato: Desconocido
Lenguaje:español
Publicado: [Madrid] : Dijusa, 2001
Materias:
Acceso en línea:Acceso restringido

MARC

LEADER 00000ny a22000003n 4500
005 20110530111015.0
008 080701s2001 sp s 000 0 spa c
020 |a 8495748789 
035 |a 1265 
040 |a UMA.RE  |d vLex 
080 |a 351.77(0.034) 
090 |c 353  |d 353 
100 1 |a Rodrg̕uez Lp̤ez, Pedro 
245 1 3 |a Mercado del tabaco y lucha contra el tabaquismo  |h [Recurso electrn̤ico]  |b perspectivas jurd̕icas confluyentes en la produccin̤, distribucin̤ y consumo de tabaco /  |c Pedro Rodrg̕uez Lp̤ez 
256 |a Servicio en ln̕ea 
260 |a [Madrid] :  |b Dijusa,  |c 2001 
506 1 |a Contenido solo disponible en los productos indicados  |d vLex Global  |d vLex Global (Academic Edition, excluding Law Schools)  |d vLex Global (U.S. Academic Edition, Law Schools)  |d vLex Global (U.S. Academic Edition, excluding Law Schools)  |d vLex Global (Academic Edition, Law Schools) 
650 0 7 |2 Tesauro vLex  |a Administrativo 
650 0 7 |2 Tesauro vLex  |a Tributario 
650 0 7 |2 Tesauro vLex  |a Responsabilidad civil 
650 0 7 |2 Tesauro vLex  |a Impuesto sobre las labores del tabaco 
650 0 7 |2 Tesauro vLex  |a Tabacos 
740 0 |a vLex Libros (Servicios en ln̕ea) 
856 4 0 |z Acceso restringido  |u http://vlex.com/source/mercado-tabaco-lucha-tabaquismo-1265 
942 |c BOOK 
999 0 |a Administrative law  |b Madrid